Laudáció Fekete Anna Makói Medáliák-díjához

Elmentve itt :
Bibliográfiai részletek
Szerző: Turi Tímea
Dokumentumtípus: Cikk
Megjelent: 2016
Sorozat:Tiszatáj 70 No. 7-8
Online Access:http://tiszataj.bibl.u-szeged.hu/23709
LEADER 00555nab a2200169 i 4500
001 tisza23709
005 20200331094732.0
008 170622s2016 hu o 0|| hun d
022 |a 0133-1167 
040 |a SZTE Tiszatáj Archívum  |b hun 
041 |a hun 
100 1 |a Turi Tímea 
245 1 0 |a Laudáció Fekete Anna Makói Medáliák-díjához  |h [elektronikus dokumentum] /  |c  Turi Tímea 
260 |c 2016 
300 |a 57-58 
490 0 |a Tiszatáj  |v 70 No. 7-8 
856 4 0 |u http://tiszataj.bibl.u-szeged.hu/23709/1/tiszataj_2016_007_008_057-058.pdf  |z Dokumentum-elérés